Red Hat Linux 6 unleashed / (Record no. 62161)
[ view plain ]
| 000 -LEADER | |
|---|---|
| fixed length control field | 01056cam a22002774a 4500 |
| 001 - CONTROL NUMBER | |
| control field | 202726 |
| 003 - CONTROL NUMBER IDENTIFIER | |
| control field | NUST-PNEC |
| 005 - DATE AND TIME OF LATEST TRANSACTION | |
| control field | 20170116180740.0 |
| 008 - FIXED-LENGTH DATA ELEMENTS--GENERAL INFORMATION | |
| fixed length control field | 990401s1999 inua 001 0 eng |
| 010 ## - LIBRARY OF CONGRESS CONTROL NUMBER | |
| LC control number | 99062403 |
| 020 ## - INTERNATIONAL STANDARD BOOK NUMBER | |
| International Standard Book Number | 0672316897 |
| 040 ## - CATALOGING SOURCE | |
| Transcribing agency | PNEC |
| 042 ## - AUTHENTICATION CODE | |
| Authentication code | pcc |
| 050 00 - LIBRARY OF CONGRESS CALL NUMBER | |
| Classification number | QA76.76.O63 |
| Item number | P56148 1999 |
| 082 00 - DEWEY DECIMAL CLASSIFICATION NUMBER | |
| Classification number | 005.4469 PIT |
| Edition number | 21 |
| 100 1# - MAIN ENTRY--PERSONAL NAME | |
| Personal name | Pitts, David. |
| 245 10 - TITLE STATEMENT | |
| Title | Red Hat Linux 6 unleashed / |
| Statement of responsibility, etc. | David Pitts, Bill Ball, et al. |
| 260 ## - PUBLICATION, DISTRIBUTION, ETC. | |
| Place of publication, distribution, etc. | [Indianapolis, Ind.] : |
| Name of publisher, distributor, etc. | SAMS, |
| Date of publication, distribution, etc. | c1999. |
| 300 ## - PHYSICAL DESCRIPTION | |
| Extent | xxxvi, 1252 p. : |
| Other physical details | ill. ; |
| Dimensions | 24 cm. |
| 500 ## - GENERAL NOTE | |
| General note | Includes index. |
| 650 #0 - SUBJECT ADDED ENTRY--TOPICAL TERM | |
| Topical term or geographic name entry element | Operating systems (Computers) |
| General subdivision | MIS, Computer |
| 856 ## - ELECTRONIC LOCATION AND ACCESS | |
| Uniform Resource Identifier | <a href="http://www.amazon.com/Red-Hat-Linux-6-Unleashed/dp/0672316897/ref=sr_1_1?s=books&ie=UTF8&qid=1418508365&sr=1-1&keywords=0672316897">http://www.amazon.com/Red-Hat-Linux-6-Unleashed/dp/0672316897/ref=sr_1_1?s=books&ie=UTF8&qid=1418508365&sr=1-1&keywords=0672316897</a> |
| 906 ## - LOCAL DATA ELEMENT F, LDF (RLIN) | |
| a | 7 |
| b | cbc |
| c | orignew |
| d | 2 |
| e | opcn |
| f | 19 |
| g | y-gencatlg |
| 942 ## - ADDED ENTRY ELEMENTS (KOHA) | |
| Source of classification or shelving scheme | |
| Koha item type | Book |
| Withdrawn status | Lost status | Source of classification or shelving scheme | Damaged status | Not for loan | Permanent Location | Current Location | Shelving location | Date acquired | Source of acquisition | Cost, normal purchase price | Total Checkouts | Full call number | Barcode | Date last seen | Cost, replacement price | Price effective from | Koha item type |
|---|---|---|---|---|---|---|---|---|---|---|---|---|---|---|---|---|---|
| Pakistan Navy Engineering College (PNEC) | Pakistan Navy Engineering College (PNEC) | 05/08/2000 | - | 229.00 | 005.4469 PIT | PNECLIB-022018 | 12/14/2014 | 229.00 | 05/08/2000 | Book |
